[Event "Stare Mesto Slovacky op"]
[Site "Stare Mesto"]
[Date "2024.08.09"]
[Round "7"]
[White "Mitacek, Martin"]
[Black "Macharacek, Jakub"]
[Result "1-0"]
[WhiteElo "1605"]
[BlackElo "1602"]
[PlyCount "43"]
[EventDate "2024.08.05"]
[EventType "swiss"]
[EventRounds "9"]
[EventCountry "CZE"]
[SourceTitle "EXT 2025"]
[Source "ChessBase"]
[SourceDate "2024.10.14"]
[SourceVersion "1"]
[SourceVersionDate "2024.10.14"]
[SourceQuality "1"]

1. e4 e5 2. Nf3 Nc6 3. Bb5 a6 4. Ba4 b5 5. Bb3 Nf6 6. 0-0 Bc5 7. Nxe5 Nxe5 8. d4 Bxd4 9. Qxd4 d6 10. f4 c5 11. Qc3 Nc6 12. e5 dxe5 13. fxe5 Ne4 14. Qf3 Qd4+ 15. Be3 Nxe5 16. Bxf7+ Ke7 17. Qf4 Qxb2 18. Qxe4 Be6 19. Bxc5+ Kd8 20. Qxa8+ Bc8 21. Qd5+ Bd7 22. Bd4 1-0

[Event "Stare Mesto Slovacky op"]
[Site "Stare Mesto"]
[Date "2024.08.07"]
[Round "4"]
[White "Mitacek, Martin"]
[Black "Babula, Tomas"]
[Result "1/2-1/2"]
[WhiteElo "1605"]
[BlackElo "1575"]
[PlyCount "62"]
[EventDate "2024.08.05"]
[EventType "swiss"]
[EventRounds "9"]
[EventCountry "CZE"]
[SourceTitle "EXT 2025"]
[Source "ChessBase"]
[SourceDate "2024.10.14"]
[SourceVersion "1"]
[SourceVersionDate "2024.10.14"]
[SourceQuality "1"]

1. e4 c5 2. c3 Nf6 3. e5 Nd5 4. Nf3 Nc6 5. Bc4 e6 6. 0-0 Be7 7. d4 cxd4 8. cxd4 0-0 9. Nc3 Ncb4 10. a3 Nb6 11. Bb3 N4d5 12. Qd3 d6 13. Bc2 g6 14. Bh6 Re8 15. Ne4 Bf8 16. Bg5 Qd7 17. Nf6+ Nxf6 18. Bxf6 Bg7 19. Qe3 Nd5 20. Qg5 dxe5 21. dxe5 Bxf6 22. exf6 Qd8 23. Ba4 Rf8 24. Rac1 Nxf6 25. Rfd1 Nd5 26. Qh6 Qf6 27. Qd2 Rd8 28. Rc7 Rf8 29. Rc4 a6 30. Rh4 Qg7 31. Ng5 h5 1/2-1/2

[Event "Stare Mesto Slovacky op"]
[Site "Stare Mesto"]
[Date "2024.08.07"]
[Round "5"]
[White "Sknouril, Jakub"]
[Black "Mitacek, Martin"]
[Result "1-0"]
[WhiteElo "1752"]
[BlackElo "1605"]
[PlyCount "59"]
[EventDate "2024.08.05"]
[EventType "swiss"]
[EventRounds "9"]
[EventCountry "CZE"]
[SourceTitle "EXT 2025"]
[Source "ChessBase"]
[SourceDate "2024.10.14"]
[SourceVersion "1"]
[SourceVersionDate "2024.10.14"]
[SourceQuality "1"]

1. e4 e5 2. Nc3 Nf6 3. f4 d5 4. fxe5 Nxe4 5. Nf3 Be7 6. d4 Nxc3 7. bxc3 0-0 8. Bd3 Bg4 9. 0-0 c5 10. Qe1 Nc6 11. Qg3 Bh5 12. Bh6 Bg6 13. Be3 Qc7 14. Nh4 Rac8 15. Bf5 Rcd8 16. Qg4 Bxh4 17. Qxh4 Ne7 18. Bd3 Qd7 19. Rf3 Nf5 20. Bxf5 Bxf5 21. Rg3 Bg6 22. Rf1 Qa4 23. Qg4 Qxc2 24. Bg5 Rc8 25. Rgf3 Qxa2 26. Qd7 cxd4 27. e6 Qa6 28. exf7+ Kh8 29. Qxc8 Qd6 30. Qxf8+ 1-0